000 00729nam a2200289Ia 4500
005 20260324122112.0
008 008 260324s9999 xx 000 0 eng d
020 _a9780203097120
037 _aEBOOK
040 _aCRL
040 _beng
040 _cCRL
041 _2eng
041 _aeng
084 _qCRL
100 _aTorsten Heinrich
_91165120
245 0 _aTechnological Change and Network Effects in Growth Regimes
245 0 _bExploring the Microfoundations of Economic Growth
260 _bTaylor and Francis
260 _c2013
365 _a
365 _b240
856 _uhttp://www.taylorfrancis.com/books/9780203097120
942 _cEBOOK
999 _c1757624
_d1757624